• 首页
  • 本馆介绍
  • 公告通知
  • 最新文献
  • 馆藏检索
  • 电子资源
  • 读者导购
  • 参考咨询
  • 我的图书馆
  • 登录
  • 详细信息显示
  • 放入我的书架
  • 预约/预借图书
  • 作者相关作品
  • 分类相关作品
  • 丛书相关作品
  • 出版社相关作品

书目信息

  • 表格格式
  • 工作单格式
  • 卡片格式
题名:
苏联/俄罗斯军用飞机大全
    
 
作者: 西风 编著
分册:  
出版信息: 北京   中国市场出版社  2014
页数: 173页
开本: 23×24cm
丛书名:
单 册:
中图分类: E926.3
科图分类:
主题词: 军用飞机--介绍--苏联 , 军用飞机--介绍--俄罗斯 , 军用飞机
电子资源:
ISBN: 978-7-5092-1256-1
000 01084nam0 2200265 450
001 012015000288
005 20150914150409.62
010    @a978-7-5092-1256-1@dCNY66.00
100    @a20140918d2014 em y0chiy50 ea
101 0  @achi
102    @aCN@b110000
105    @aa z 000yy
106    @ar
200 1  @a苏联/俄罗斯军用飞机大全@Asu lian/e luo si jun yong fei ji da quan@e从1914年到现代战机的发展历史@f西风编著
210    @a北京@c中国市场出版社@d2014
215    @a173页@c照片@d23×24cm
330    @a本书收录了安东诺夫设计局、波里卡尔波夫设计局、别里耶夫设计局、彼得良可夫设计局、图波列夫设计局、伊留申设计局、卡莫夫设计局、拉波契金设计局(又称拉沃奇金设计局)、里苏索夫设计局、米里设计局、米高扬/古列维奇设计局(后改称为米高扬设计局)、米亚西谢夫设计局、苏霍伊设计局和雅克福列夫设计局所有设计服役过的军用飞机。
517 1  @a从1914年到现代战机的发展历史
606 0  @a军用飞机@x介绍@y苏联
606 0  @a军用飞机@x介绍@y俄罗斯
606 0  @a军用飞机
690    @aE926.3@v5
701  0 @a西风@Axi feng@4编著
801  0 @aCN@b碧洲教育@c20150716
905    @a10447@f4@dE926.3@e36
    
    苏联/俄罗斯军用飞机大全:从1914年到现代战机的发展历史/西风编著.-北京:中国市场出版社,2014
    173页:照片;23×24cm
    
    
    ISBN 978-7-5092-1256-1:CNY66.00
    本书收录了安东诺夫设计局、波里卡尔波夫设计局、别里耶夫设计局、彼得良可夫设计局、图波列夫设计局、伊留申设计局、卡莫夫设计局、拉波契金设计局(又称拉沃奇金设计局)、里苏索夫设计局、米里设计局、米高扬/古列维奇设计局(后改称为米高扬设计局)、米亚西谢夫设计局、苏霍伊设计局和雅克福列夫设计局所有设计服役过的军用飞机。
●
相关链接 在E读中查询图书 在五车中查询图书 在当当中查询图书 在豆瓣中查询图书


正题名:苏联/俄罗斯军用飞机大全     索取号:E926.3/36         预约/预借

序号 登录号 条形码 馆藏地/架位号 状态 备注
1 0849888   208498883   第一样本阅览室/ [索取号:E926.3/36] 在馆    
2 0849889   208498892   第一借阅区/ [索取号:E926.3/36] 在馆    
3 0849890   208498909   第一借阅区/ [索取号:E926.3/36] 在馆    
4 0849891   208498918   第一借阅区/ [索取号:E926.3/36] 在馆    
唐山师范学院图书馆 欢迎您!
大连网信软件有限公司© 版权所有